| 000 | 00672nam a2200193 4500 | ||
|---|---|---|---|
| 001 | 148881 | ||
| 003 | ES-MaACL | ||
| 005 | 20230906202844.0 | ||
| 007 | t| | ||
| 008 | 070214s1970 sp r ||||1| spa d | ||
| 100 | 1 |
_aSukhanof, Nicolai-Nicolaievitch. _9108744 |
|
| 245 | 1 | 3 |
_aLa Revolución Rusa _b: (1917) / _cNicolás N. Sukhanof ; [versión... de Julio Gómez de la Serna]. |
| 250 | _a[1ª ed.]. | ||
| 260 |
_aBarcelona : _bCaralt, _c[1970] ( _eTortosa : _fCooperativa Gráf. Dertosense) |
||
| 300 |
_a435 p., 8 lám. ; _c22 cm. |
||
| 700 | 1 |
_aGómez de la Serna, Julio, _d1895-1983 _957899 |
|
| 852 |
_aES-MaACL _jC-44226 _bR.73471 |
||
| 999 |
_c148881 _d148881 |
||